书目信息 |
| 题名: |
新媒体视阈下体育教学与提升艺术研究
|
|
| 作者: | 陈春阳 著 | |
| 分册: | ||
| 出版信息: | 北京 中国原子能出版社 2021.09 |
|
| 页数: | 182页 | |
| 开本: | 26cm | |
| 丛书名: | ||
| 单 册: | ||
| 中图分类: | G807.01 | |
| 科图分类: | ||
| 主题词: | 体育教学--教学研究 | |
| 电子资源: | ||
| ISBN: | 978-7-5221-0543-7 | |
| 000 | 00902nam0 2200229 450 | |
| 001 | 012001000624 | |
| 005 | 20141201160105.0 | |
| 010 | @a978-7-5221-0543-7@dCNY58.00 | |
| 100 | @a20220905d2020 emky0chiy50 ea | |
| 101 | 0 | @achi |
| 102 | @aCN@b110000 | |
| 105 | @ay z 000yy | |
| 106 | @ar | |
| 200 | 1 | @a新媒体视阈下体育教学与提升艺术研究@f陈春阳著@Axin mei ti shi yu xia ti yu jiao xue yu ti sheng yi shu yan jiu |
| 210 | @a北京@c中国原子能出版社@d2021.09 | |
| 215 | @a182页@d26cm | |
| 330 | @a本书基于新媒体视域下对体育文化教学进行研究,对新媒体视域下体育教学的不同艺术方式进行介绍,综合阐述了新媒体视域下体育艺术在教学时的内容,指出了体育艺术在教学时会出现的问题,通过研究明确了在新媒体视域下的体育文化交际的发展趋势。 | |
| 606 | 0 | @a体育教学@x教学研究 |
| 690 | @aG807.01@v5 | |
| 701 | 0 | @a陈春阳@4著@Achen chun yang |
| 801 | 0 | @aCN@bAHXH@c20221111 |
| 905 | @b1369660-4@dG807.01@e2043@f5 | |
| 新媒体视阈下体育教学与提升艺术研究/陈春阳著.-北京:中国原子能出版社,2021.09 |
| 182页;26cm |
| ISBN 978-7-5221-0543-7:CNY58.00 |
| 本书基于新媒体视域下对体育文化教学进行研究,对新媒体视域下体育教学的不同艺术方式进行介绍,综合阐述了新媒体视域下体育艺术在教学时的内容,指出了体育艺术在教学时会出现的问题,通过研究明确了在新媒体视域下的体育文化交际的发展趋势。 |
| ● |
| 相关链接 |
|
|
|
|
正题名:新媒体视阈下体育教学与提升艺术研究
索取号:G807.01/2043
 
预约/预借
| 序号 | 登录号 | 条形码 | 馆藏地/架位号 | 状态 | 备注 |
| 1 | 1369660 | 213696605 | 第一样本阅览室/ [索取号:G807.01/2043] | 在馆 | |
| 2 | 1369661 | 213696614 | 教育系资料室/ [索取号:G807.01/2043] | 在馆 | |
| 3 | 1369662 | 213696623 | 教育系资料室/ [索取号:G807.01/2043] | 在馆 | |
| 4 | 1369663 | 213696632 | 第四借阅区/ [索取号:G807.01/2043] | 在馆 | |
| 5 | 1369664 | 213696641 | 第四借阅区/ [索取号:G807.01/2043] | 在馆 |